Statystyki dla Największe centra handlowe w Warszawie

Kliknij tutaj aby rozwiązać quiz!

Ogólne statystyki

  • Ten quiz został rozwiązany 51 razy
  • Średni wynik to 6 z 21

Statystyki odpowiedzi

HintOdpowiedź% Poprawnych
65000m2Złote Tarasy
88%
82000m2Galeria Młociny
56%
287000m2Westfield Arkadia
51%
97601m2Galeria Północna
49%
185000m2Blue City
46%
73000m2Wola Park
44%
30000m2Galeria Wileńska
39%
126000m2Westfield Mokotów
39%
105000m2Atrium Promenada
32%
53000m2Atrium Targówek
32%
37720m2Factory Annopol
20%
27000m2Atrium Reduta
17%
19900m2Factory Ursus
17%
29800m2Galeria Bemowo
17%
18500m2Klif
12%
55000m2Sadyba Best mall
12%
94000m2Centrum Handlowe Janki /Janki
10%
44000m2M1 Marki
7%
27000m2Centrum Handlowe Panorama / Panorama
5%
16000m2Plac Unii
2%
21061m2Wolf Bracka / Vitkac
0%

Rozkład punktacji

Percentyl według liczby udzielonych odpowiedzi

Procent ludzi z każdym wynikiem

Twoja historia wyników

Nie rozwiązałeś tego quizu